000 00295nam a22001337a 4500
008 190205b xxu||||| |||| 00| 0 eng d
020 _a0812368940
041 _aeng
080 _a510
100 _a36
101 _aMAT
245 _aIntegrated Mathematics Course 2
_cKelly,B
942 _2udc
_cBK
999 _c54002
_d54002